| 000 | 00379nam a22001337a 4500 | ||
|---|---|---|---|
| 008 | 160316b xxu||||| |||| 00| 0 eng d | ||
| 020 | _a0195334043 | ||
| 100 | _aElliott J. David | ||
| 245 |
_aMusic matters _bA philosophy of music education |
||
| 250 | _a2nd ed. | ||
| 260 |
_aNew York _bOxford express _c2015 |
||
| 300 | _axix,547p. | ||
| 942 |
_2lcc _cBK _e2nd ed _kMT1 .E45 2014 C.1 |
||
| 999 |
_c15794 _d15794 |
||